000 01240nam a2200325 i 4500
003 EG-GICUC
005 20260505081010.0
008 260505s2011 ua |||fr|||| 00| 0 ara d
017 _a2010/9111
020 _a9789773790906
040 _a EG-GICUC
_bara
_c EG-GICUC
_d EG-GICUC
_erda
082 0 4 _221
_a345
_bش ع . ا
092 0 4 _221
099 _aLaw1 07 345 ش ع . ا 2011
100 1 _aشعبان عبد الحكيم سلامة
_eمؤلف.
245 1 2 _aالأمر الرئاسي في القانون الإداري والفقه الإسلامي :
_bدراسة مقارنة /
_cدكتور شعبان عبد الحكيم سلامة.
250 _aالطبعة الأولي
264 1 _aالأسكندرية :
_bدار الفكر الجامعي،
_c2011
300 _a297 ؛ صفحة
_c24 سم
336 _2rda content
_atext
337 _2rda media
_aComputer
338 _2rda carrier
_aOnline Resource
504 _a.279-292 ببليوجرافيا: صفحات.
504 _aيشتمل علي ارجاعات ببليوجرافية
650 1 4 _aالقانون الإداري
_2qrmak
651 1 _2qrmak
856 4 0 _uhttps://fll.law.cu.edu.eg/fulltext/bks/B07-05365.pdf
905 _a161
942 _2ddc
_cBK
_e21
_n0
999 _c75587
_d75587